000
00314nam a22001217a 4500
008
230619b xxu||||| |||| 00| 0 eng d
082
_a
170
_b
MUJ
100
_c
Njoroge and G.A. Bennaars
245
_a
Social Education and Ethics
260
_a
Nairobi
_b
General Printers Ltd
_c
1986
300
_a
188p
942
_2
ddc
_c
BK
999
_c
1181
_d
1181